00593 a2200181 4500003000400000005001700004008004100021020001800062040000900080082001900089100002200108245004300130260003900173300000900212942004400221952012900265999001700394OSt20231223155210.0231223b |||||||| |||| 00| 0 eng d a9789387889521 coclc a891.431bGIL/G aGil, Gagan910217 aMEIN JAB TAK AAYI BAAHAR /cGagan Gil  aNew Delhi:bVani Prakashan,c2018. a154p 2ddccBKh891.431iGIL/Gk891.431mGIL/G 00102ddc40708POEaMESbMEScHINd2023-12-23l0o891.431 GIL/Gp43202r2023-12-23 15:52:40v395.00w2023-12-23yBKzGR6R5 c43568d43568